Click the release year of Bon Jovi album by its cover - Statistics

General Stats
  • This quiz has been taken 12 times
  • The average score is 8 of 17
Answer Stats
Hint Answer % Correct
1984
100%
2000
80%
2020
80%
2024
80%
1986
60%
1992
60%
2002
60%
1985
40%
1988
40%
1994
40%
1995
40%
2005
40%
2008
20%
2009
20%
2013
20%
2018
20%
2015
0%
No matching quizzes found
Score Distribution
Percent of People with Each Score
Percentile by Number Answered
Your Score History
You have not taken this quiz